000 00826cam a22002771 4500
001 10186126
003 OSt
005 20230619122317.0
008 770325s1939 nyuf 000 0 eng
010 _a 39027912
035 _a(OCoLC)2832411
040 _aDLC
_cCtU
_dDLC
082 _a301.63
_bHUX
100 1 _aHuxley, Elspeth,
_d1907-1997.
245 1 0 _aRed strangers,
_ba novel.
260 _aNew York,
_aLondon,
_bHarper & brothers,
_c1939.
300 _aviii, 405, [1] p., 1 l.
_bplates.
_c21 cm.
500 _a"Printed in Great Britain."
650 0 _aKikuyu (African people)
_xFiction.
650 0 _aEuropeans
_zKenya
_xFiction.
650 0 _aRace relations
_xFiction.
651 0 _aKenya
_xFiction.
655 7 _aDomestic fiction.
_2lcsh
906 _a7
_bcbc
_coclcrpl
_du
_encip
_f19
_gy-gencatlg
942 _2ddc
_cBK
999 _c1288
_d1288